Estudio de prefactibilidad para la producción de cuero reconstituido
Wedi'i Gadw mewn:
| Prif Awdur: | |
|---|---|
| Fformat: | Llyfr |
| Cyhoeddwyd: |
San José, Costa Rica
1990
|
| Pynciau: | |
| Tagiau: |
Ychwanegu Tag
Dim Tagiau, Byddwch y cyntaf i dagio'r cofnod hwn!
|
MARC
| LEADER | 00000nam a2200000Ia 4500 | ||
|---|---|---|---|
| 003 | 005035 | ||
| 005 | 20221231144331.0 | ||
| 008 | 140114s1990 cr a m 000 ||s d | ||
| 040 | |c cru CEDI | ||
| 090 | |a TFG 2388 | ||
| 100 | |a Vásquez Vásquez, Roberto G. |9 12945 | ||
| 245 | |a Estudio de prefactibilidad para la producción de cuero reconstituido | ||
| 260 | |c 1990 |a San José, Costa Rica | ||
| 300 | |a v, 103 hojas : ilustraciones (1 plegables) ; 27 cm. | ||
| 500 | |a Proyecto de graduación (licenciatura en ingeniería química)--Universidad de Costa Rica. Facultad de Ingeniería. Escuela de Ingeniería Química | ||
| 650 | |x CUERO CURTIDO - INDUSTRIA Y COMERCIO - COSTA RICA |9 12946 | ||
| 942 | |c TFG |2 ddc | ||
| 999 | |c 20318 |d 20318 | ||
